Biennale musica 1985: Europa 50/80 generazioni a confronto-4 (Record n. 102756)

Dettagli MARC
000 -LEADER
fixed length control field 01409njm a2200337Ia 4500
001 - CONTROL NUMBER
control field 26496
003 - CONTROL NUMBER IDENTIFIER
control field IT-RoPAU
005 - DATE AND TIME OF LATEST TRANSACTION
control field 20220918181158.0
008 - FIXED-LENGTH DATA ELEMENTS--GENERAL INFORMATION
fixed length control field 131025s9999 xx 000 0 und d
040 ## - CATALOGING SOURCE
Original cataloging agency IT-RoPAU
040 ## - CATALOGING SOURCE
Transcribing agency IT-RoPAU
999 ## - SYSTEM CONTROL NUMBERS (KOHA)
Koha Dewey Subclass [OBSOLETE] NO
100 ## - MAIN ENTRY--PERSONAL NAME
Personal name Restagno Enzo
9 (RLIN) 14371
100 ## - MAIN ENTRY--PERSONAL NAME
Relator term Autore testo
9 (RLIN) 15776
100 ## - MAIN ENTRY--PERSONAL NAME
Miscellaneous information Codice autore testo SPICS: 11113
9 (RLIN) 14373
245 ## - TITLE STATEMENT
Title Biennale musica 1985: Europa 50/80 generazioni a confronto-4
250 ## - EDITION STATEMENT
Edition statement 1a ed.
260 ## - PUBLICATION, DISTRIBUTION, ETC. (IMPRINT)
Place of publication, distribution, etc. ROMA
260 ## - PUBLICATION, DISTRIBUTION, ETC. (IMPRINT)
Name of publisher, distributor, etc. SPICS RECORDS
Date of publication, distribution, etc. 1985 [1a Ed.:1985]
300 ## - PHYSICAL DESCRIPTION
Extent MUSICASSETTA
300 ## - PHYSICAL DESCRIPTION
Dimensions 90 minuti (Testo: pag.)
500 ## - GENERAL NOTE
General note Musica strumentale.
505 ## - FORMATTED CONTENTS NOTE
Formatted contents note Quaestio temporis per orchestra - Ideogrammi n 1 per 16 strumenti - Des Freundes Umnachtung. Dialoghi sinfonici per orchestra
511 ## - PARTICIPANT OR PERFORMER NOTE
Participant or performer note Orchestra Sinfonica di Milano della Rai
650 ## - SUBJECT ADDED ENTRY--TOPICAL TERM
Topical term or geographic name as entry element STRUMENTALE [CASSETTE]
Relator term Codice MATERIA SPICS: 9951
9 (RLIN) 1218
700 ## - ADDED ENTRY--PERSONAL NAME
Personal name Krenek Ernst
Dates associated with a name Codice autore musica SPICS: 5003
Relator term Autore musica
Name of part/section of a work Quaestio temporis per orchestra
9 (RLIN) 15777
700 ## - ADDED ENTRY--PERSONAL NAME
Personal name Clementi Aldo
Dates associated with a name Codice autore musica SPICS: 7968
Relator term Autore musica
Name of part/section of a work Ideogrammi n 1 per 16 strumenti
9 (RLIN) 15778
700 ## - ADDED ENTRY--PERSONAL NAME
Personal name Incardona Federico
Dates associated with a name Codice autore musica SPICS: 10951
Relator term Autore musica
Name of part/section of a work Des Freundes Umnachtung. Dialoghi sinfonici per orchestra
9 (RLIN) 15779
700 ## - ADDED ENTRY--PERSONAL NAME
Personal name Restagno Enzo
Dates associated with a name Codice autore SPICS: 11113
Relator term Autore
9 (RLIN) 15780
942 ## - ADDED ENTRY ELEMENTS (KOHA)
Koha item type MUSICASSETTE
Source of classification or shelving scheme Dewey Decimal Classification
Dati di copia
Withdrawn status Lost status Damaged status Not for loan Home library Current library Date acquired Total Checkouts Full call number Date last seen Price effective from Koha item type Public note
    Buone Condizioni Not For Loan SPICS-MEDIATECA SPICS-MEDIATECA 25/10/2013   26496 25/10/2013 25/10/2013 MUSICASSETTE Progr. Ins.: 6055 / N.Vol.: 1 / Copie: 1 - Copia rara: NO / date import: 01.01.2014 - By Epidotti, Trombetti, Vaglietti
CREDITS: SOCIETA' SAN PAOLO Via A.Severo, 58 - ROMA (RM) & PERIODICI SAN PAOLO SRL Via Giotto, 36 MILANO & CISF Via Giotto, 36 MILANO & EDIZIONI SAN PAOLO SRL,  Piazza Soncino, 5 CINISELLO BALSAMO (MI) -- ITALY